000 00903cam a2200265 a 4500
001 000019806
005 20200929170139.0
008 751106s1967 sp 001 e spa d
040 _aDO-SdBNP
_cPWcS
_dOCoLC
_dDLC
082 _a864.64
_bR594c
100 1 _aRiquer, Martín de,
_cconde de Casa Dávalos,
_d1914-
_942283
245 1 0 _aCaballeros andantes españoles /
_cMartín de Riquer.
260 _aMadrid :
_bEspasa-Calpe,
_c1967.
300 _a170 p. ;
_c18 cm.
490 0 _aAustral. Verde: ensayos y filosofía
_v1397
500 _aIncluye índice de autores
650 4 _aEnsayos española
_941559
650 4 _aLiteratura española
_ySIGLO XX
_93326
650 4 _aCaballeros y caballería
_942284
650 4 _aCaballería en la literatura
_942285
830 0 _aAustral.
_pVerde: ensayos y filosofía;
_v1397
_98733
910 _aCatalogación derivada / LC
910 _aWM
049 _aBNGR
999 _c19319
_d19319